000 01027cam a2200349Mi 4500
001 44028
005 20230410115443.0
008 951123s1995 sp 000 0 spa d
035 _a(OCoLC)ocm36293703
040 _aPL#
_bspa
_cPL#
_dCRUNA
020 _a8420681075
020 _a9788420681078
029 0 _aPL#
_b8420681075
035 _a(OCoLC)36293703
050 1 4 _aHD 6971
_bL864s 1995
100 1 _aLópez Pintor, Rafael.
245 1 0 _aSociología industrial /
_cRafael López Pintor.
250 _a3a. ed. revisada y actualizada.
260 _aMadrid :
_bAlianza,
_c1995.
300 _a555 p. ;
_c23 cm.
440 0 _aAlianza Universidad Textos ;
_v107
650 0 _aIndustrial relations.
650 0 _aIndustrial sociology.
653 _aSociología industrial
_aSiglo XX
650 4 _aCambio social.
650 4 _aOrganizaciones.
653 _aSociología industrial
_aManuales.
938 _aPuvill Libros
_bPUVL
_n8420681075
_c$33.85
942 _2lcc
_cbk
946 _amjcruz
994 _aC0
_bDRFGD
999 _c41513
_d41513